| 000 | 01141nam a22003257a 4500 | ||
|---|---|---|---|
| 003 | CHAP | ||
| 005 | 20220817044524.0 | ||
| 008 | 120523s2011 it a rn 00010 fre d | ||
| 010 | _a103197 | ||
| 011 | _a104169 | ||
| 020 | _a9789252066835 | ||
| 035 | _a114858 | ||
| 040 | _cCHAP | ||
| 090 | _aFolleto 17946f | ||
| 110 | 2 | _aFAO | |
| 245 | 1 | 0 |
_aPromouvoir la croissance et le développement des petites entreprises semencières pour les principales cultures de sécurité alimentaire : _bbonnes pratiques et options pour le processus de prise de décisions _c/por Paul J.H. Neate y Robert G. Guei |
| 260 |
_aRoma : _bFAO, _c2011 |
||
| 300 |
_a37 p. : _bilus., tablas |
||
| 590 |
_aBATCH-UPD _b10 _c20130110 _lUCH01 _h1241 |
||
| 590 |
_aCONVERSION _b10 _c20130109 _lUCH01 _h1357 |
||
| 650 | 1 | 4 |
_aCambio estructural. _917784 |
| 650 | 1 | 4 |
_aLeguminosas. _965807 |
| 650 | 1 | 4 |
_aSemillas _xIndustria. _9103905 |
| 650 | 1 | 4 |
_aSemillas _xRendimiento. _9103930 |
| 700 | 1 | _aGuei, Robert G. | |
| 700 | 1 |
_aNeate, Paul J.H. _980660 |
|
| 901 | _aBK | ||
| 942 | _cFOLL | ||
| 949 |
_aFolleto 17946f _bBC _cFAO _d33724002328330 _eFAO1 _gDonaciØn _i114858 _sb |
||
| 999 |
_c103197 _d103197 |
||